Hospodárska politika na rázcestí

Teoretické prístupy a ich reálne fungovanie v praxi z pohľadu minulosti v súčasných turbulentných podmienkach EÚ a sveta. Teoretické prístupy poukazujúce na zodpovednosť, ktorá súvisí s prijímanými opatreniami na odvrátenie nežiadúcich stavov v ekonomike.

Saved in:
Bibliographic Details
Main Author: Havettová, Miroslava
Format: Book Chapter
Language:Slovak
Subjects:
Tags: Add Tag
No Tags, Be the first to tag this record!

MARC

LEADER 00000nla$a2200000$$$4500
001 0145166
005 20240502072616.9
041 0 |a slo 
044 |a SK 
245 1 0 |a Hospodárska politika na rázcestí  |c Miroslava Havettová 
520 |a Teoretické prístupy a ich reálne fungovanie v praxi z pohľadu minulosti v súčasných turbulentných podmienkach EÚ a sveta. Teoretické prístupy poukazujúce na zodpovednosť, ktorá súvisí s prijímanými opatreniami na odvrátenie nežiadúcich stavov v ekonomike. 
610 2 0 |a politika hospodárska 
610 2 0 |a kríza hospodárska 
610 2 0 |a kategórie ekonomické 
610 2 0 |a princíp ekonomický 
610 2 0 |a rast hospodársky 
610 2 0 |a rovnováha hospodárska 
610 2 0 |a teórie ekonomické 
610 2 0 |a zodpovednosť spoločenská 
100 1 |a Havettová, Miroslava